Catálogo público

Evaluación biológica de cinco variedades de frijol (Phaseolus vulgaris sp.) producidas en México / (Record no. 163661)

MARC details
000 -CABECERA
campo de control de longitud fija 00862nam a2200277Ia 4500
001 - NÚMERO DE CONTROL
campo de control Z_551
003 - IDENTIFICADOR DEL NÚMERO DE CONTROL
campo de control CHAP
008 - DATOS DE LONGITUD FIJA--INFORMACIÓN GENERAL
campo de control de longitud fija 220113s1976 xx 000 0 und d
010 ## - NÚMERO DE CONTROL DE LA BIBLIOTECA DEL CONGRESO
Número de control de LC 163661
040 ## - FUENTE DE LA CATALOGACIÓN
Centro/agencia transcriptor CHAP
090 ## - LOCALMENTE ASIGNADO TIPO-LC NÚMERO DE CLASIFICACIÓN (OCLC); NÚMERO DE CLASIFICACIÓN LOCAL (RLIN)
Número de clasificación (OCLC) (R) ; Numero de clasificación, CALL (RLIN) (NR) Tesis M 87
100 ## - ENTRADA PRINCIPAL--NOMBRE DE PERSONA
Nombre de persona Morales Gordillo, Víctor Manuel
9 (RLIN) 78288
245 ## - MENCIÓN DE TÍTULO
Título Evaluación biológica de cinco variedades de frijol (Phaseolus vulgaris sp.) producidas en México /
Mención de responsabilidad, etc. por Víctor Manuel Morales Gordillo
260 ## - PUBLICACIÓN, DISTRIBUCIÓN, ETC.
Lugar de publicación, distribución, etc. Chapingo, Méx. :
Nombre del editor, distribuidor, etc. El autor,
Fecha de publicación, distribución, etc. 1976
300 ## - DESCRIPCIÓN FÍSICA
Extensión 35 h. apénd.
502 ## - NOTA DE TESIS
Nota de tesis Tesis (Ing. Agrónomo Esp. en Zootecnia) -- ENA. Departamento de Zootcnia
650 ## - PUNTO DE ACCESO ADICIONAL DE MATERIA--TÉRMINO DE MATERIA
Término de materia o nombre geográfico como elemento de entrada Aves de corral
Subdivisión general Alimentación
9 (RLIN) 8638
650 ## - PUNTO DE ACCESO ADICIONAL DE MATERIA--TÉRMINO DE MATERIA
Término de materia o nombre geográfico como elemento de entrada Frijol
Subdivisión general Valor nutritivo
9 (RLIN) 43445
650 ## - PUNTO DE ACCESO ADICIONAL DE MATERIA--TÉRMINO DE MATERIA
Término de materia o nombre geográfico como elemento de entrada Frijol
Subdivisión general Variedades
9 (RLIN) 43446
901 ## - ELEMENTOS DE DATOS A LOCAL LDA (RLIN)
a TESIS M 87
902 ## - ELEMENTOS DE DATOS B LOCAL, LDB (RLIN)
a M
910 ## - DATOS DE OPCIÓN DEL USUARIO (OCLC)
Datos de opción del usuario 1976
942 ## - ELEMENTOS DE PUNTO DE ACCESO ADICIONAL (KOHA)
Tipo de ítem Koha Tesis_
942 ## - ELEMENTOS DE PUNTO DE ACCESO ADICIONAL (KOHA)
Tipo de ítem Koha Tesis_
Holdings
Estado de retiro Estado de pérdida Fuente del sistema de clasificación o colocación Estado dañado Restricciones de uso No para préstamo Código de colección Localización permanente Ubicación/localización actual Fecha de adquisición Fuente de adquisición Total de préstamos Signatura topográfica completa Código de barras Fecha visto por última vez Número de copia Precio válido a partir de Tipo de ítem Koha Fecha del último préstamo
    Clasificación Universidad Autónoma de Chapingo   Préstamo interno   Tesis Zootecnia Zootecnia 09/11/2005 El autor   Tesis M67 87 1976 5101000131 18/01/2022 Ej.1 18/01/2022 Tesis  
    Clasificación Universidad Autónoma de Chapingo   Préstamo 5 días   Tesis Zootecnia Zootecnia 09/11/2005 El autor 1 Tesis M67 87 1976 5101000132 09/02/2024 Ej.2 18/01/2022 Tesis 09/02/2024